| 000 | 00401cam a2200169ua 4500 | ||
|---|---|---|---|
| 020 | _c10/sh | ||
| 041 |
_aeng _h |
||
| 082 |
_a824 _bHUX/TH |
||
| 100 | _aHuxley, Aldocus . | ||
| 245 |
_aThemes and Variations / _cHuxley. _hTextual Documents |
||
| 260 |
_aLondon : _bChatto & Windus , _c1954. |
||
| 300 | _a260 ; . | ||
| 365 | _a10/sh | ||
| 504 | _a | ||
| 942 | _cBK | ||
| 999 |
_c11368 _d11368 |
||